The map and the development of the history of cartography

Bibliographic Details
Published in:The history of cartography, J.B. Harley and David Woodward, Chicago [etc.], P. 1-42
Main Author: Harley, J.B.
Content type: Article
Published: 1987
Source:MPIPL_cat
_version_ 1863687004830564352
author Harley, J.B
author_facet Harley, J.B
author_search Harley, J.B
author_sort Harley, J.B
author_variant j h jh
collection_details MPIPL
container_reference P. 1-42
container_start_page 1
container_title Cartography in Prehistoric, Ancient and Medieval Europe and the Mediterranean. vol. 1
dedup_id_str MPIPL_cat.PL0053655
dewey-hierarchy 0/[Unassigned]/
dewey-hierarchy_str 0/[Unassigned]/
first_indexed 2026-03-14T00:40:06Z
format 0/Artikel/
format_str 0/Artikel/
fullrecord <?xml version="1.0" encoding="UTF-8"?> <collection xmlns:xsi="http://www.w3.org/2001/XMLSchema-instance" xsi:schemaLocation="http://www.loc.gov/MARC21/slim http://www.loc.gov/standards/marcxml/schema/MARC21slim.xsd" xmlns="http://www.loc.gov/MARC21/slim"> <record> <leader>00000naa a2200000 u 4500</leader> <controlfield tag="001">PL0053655</controlfield> <controlfield tag="003">PLI01000000000000000053337</controlfield> <controlfield tag="005">00000000000000.0</controlfield> <controlfield tag="008"> ||| u </controlfield> <datafield tag="100" ind1="1" ind2=" "> <subfield code="a">Harley, J.B.</subfield> </datafield> <datafield tag="245" ind1="0" ind2="4"> <subfield code="a">The map and the development of the history of cartography</subfield> <subfield code="c">J.B. Harley</subfield> </datafield> <datafield tag="260" ind1=" " ind2=" "> <subfield code="c">1987</subfield> </datafield> <datafield tag="952" ind1=" " ind2=" "> <subfield code="h">P. 1-42</subfield> </datafield> <datafield tag="996" ind1=" " ind2=" "> <subfield code="a">Aufsatz</subfield> </datafield> <datafield tag="997" ind1=" " ind2=" "> <subfield code="a">book chapter</subfield> </datafield> <datafield tag="773" ind1="0" ind2="8"> <subfield code="t">The history of cartography</subfield> <subfield code="a">J.B. Harley and David Woodward</subfield> <subfield code="d">Chicago [etc.]</subfield> <subfield code="g">P. 1-42</subfield> <subfield code="w">MPIPL_cat.PL0053653</subfield> <subfield code="z">0-226-31633-5</subfield> <subfield code="i">In:</subfield> </datafield> </record> </collection>
hierarchy_parent_id MPIPL_cat.PL0053653
hierarchy_parent_title Cartography in Prehistoric, Ancient and Medieval Europe and the Mediterranean. vol. 1
id MPIPL_cat.PL0053655
illustrated Not Illustrated
institution MPIPL_cat
institution_str MPIPL_cat
isbn 9780226316338
0-226-31633-5
language und
language_str und
last_indexed 2026-04-27T23:41:37Z
local_fields Aufsatz
online false
online_MPIPL_cat false
online_str false
publishDate 1987
publishDate_str 1987
record_format marc
spelling Harley, J.B
The map and the development of the history of cartography
J.B. Harley
1987
The history of cartography
J.B. Harley and David Woodward
Chicago [etc.]
P. 1-42
0-226-31633-5
In
spellingShingle Harley, J.B
The map and the development of the history of cartography
title The map and the development of the history of cartography
title_full The map and the development of the history of cartography J.B. Harley
title_fullStr The map and the development of the history of cartography J.B. Harley
title_full_unstemmed The map and the development of the history of cartography J.B. Harley
title_search The map and the development of the history of cartography
title_short The map and the development of the history of cartography
title_sort map and the development of the history of cartography j b harley